[Event "BL 8485 Kreuzberg-Frechen"]
[Site "?"]
[Date "1985.??.??"]
[Round "?.6"]
[White "Sprotte, N."]
[Black "Meyer, P."]
[Result "1-0"]
[WhiteElo "2230"]
[BlackElo "2230"]
[PlyCount "105"]
[EventDate "1985.??.??"]

1. d4 Nf6 2. Nf3 g6 3. c4 Bg7 4. Nc3 O-O 5. e4 d6 6. h3 e5 7. Be3 exd4 8. Nxd4
Re8 9. Qc2 Nbd7 10. O-O-O c6 11. Nde2 Qe7 12. Ng3 a6 13. Qd2 Bf8 14. Bg5 b5 15.
Bd3 b4 16. Na4 Rb8 17. Bc2 c5 18. Rhe1 Bb7 19. Qf4 Qe6 20. Re3 h5 21. b3 Bc6
22. Nb2 Nh7 23. Bh6 Qe5 24. Qxe5 dxe5 25. Bxf8 Nhxf8 26. Rd6 Re6 27. Red3 h4
28. Ne2 Bxe4 29. Rxd7 Nxd7 30. Rxd7 Bxg2 31. Ng1 Rf6 32. Rd2 g5 33. f3 Bxf3 34.
Rf2 Rbb6 35. Rxf3 Rxf3 36. Nxf3 g4 37. hxg4 h3 38. Kd2 Rh6 39. Nh2 Re6 40. Ke3
Kg7 41. Nd3 a5 42. Nxc5 Rc6 43. Ne4 a4 44. g5 axb3 45. axb3 Ra6 46. c5 Kf8 47.
Nd2 Ke7 48. Be4 Ke6 49. c6 Kd6 50. Nc4+ Kc7 51. Nxe5 Ra2 52. Nef3 Kd6 53. Kd4
1-0

[Event "BL 8485 Enger-Lasker"]
[Site "?"]
[Date "1985.??.??"]
[Round "?.1"]
[White "Wockenfuss, K."]
[Black "Smejkal, J."]
[Result "1/2-1/2"]
[WhiteElo "2335"]
[BlackElo "2540"]
[PlyCount "25"]
[EventDate "1985.??.??"]

1. d4 Nf6 2. g3 e6 3. Bg2 c5 4. Nf3 d5 5. c4 dxc4 6. O-O Nc6 7. Qa4 Bd7 8. Qxc4
b5 9. Qd3 Rc8 10. dxc5 Bxc5 11. a3 b4 12. Bg5 O-O 13. Nbd2 1/2-1/2

[Event "BL 8485 Enger-Lasker"]
[Site "?"]
[Date "1985.??.??"]
[Round "?.2"]
[White "Podzielny, K."]
[Black "Paulsen, D."]
[Result "0-1"]
[WhiteElo "2415"]
[BlackElo "2360"]
[PlyCount "65"]
[EventDate "1985.??.??"]

1. d4 Nf6 2. Nf3 e6 3. g3 c5 4. Bg2 cxd4 5. O-O d5 6. Nxd4 Nc6 7. c4 Bc5 8. Nb3
Be7 9. cxd5 exd5 10. Nc3 Be6 11. Bg5 O-O 12. Na4 Ne4 13. Be3 b6 14. Rc1 Rc8 15.
Nc3 Nxc3 16. Rxc3 Bf6 17. Rc2 Nb4 18. Rd2 Nxa2 19. Qa1 Nb4 20. Qxa7 Nc6 21. Qb7
Ne5 22. Bxd5 Rb8 23. Bxe6 Rxb7 24. Rxd8 Rxd8 25. Bf5 Nc4 26. Bf4 g6 27. Bc2 Re7
28. e4 Bxb2 29. Rb1 Bc3 30. Bg5 f6 31. Bc1 Ra7 32. Kg2 Ra2 33. Nd4 0-1

[Event "BL 8485 Enger-Lasker"]
[Site "?"]
[Date "1985.??.??"]
[Round "?.3"]
[White "Cladouras, P."]
[Black "Gruen, G."]
[Result "1/2-1/2"]
[WhiteElo "2295"]
[BlackElo "2355"]
[PlyCount "84"]
[EventDate "1985.??.??"]

1. e4 Nf6 2. e5 Nd5 3. d4 d6 4. Nf3 Bg4 5. Be2 e6 6. O-O Be7 7. c4 Nb6 8. exd6
cxd6 9. Nc3 O-O 10. Be3 d5 11. cxd5 Nxd5 12. Qb3 Nxc3 13. bxc3 b6 14. Rfd1 Nd7
15. Rac1 Qc7 16. h3 Bh5 17. c4 e5 18. dxe5 Nxe5 19. Bf4 Nxf3+ 20. Bxf3 Qxf4 21.
Bxh5 Bc5 22. Qf3 Qc7 23. Bg4 Rad8 24. Rxd8 Rxd8 25. Rd1 g6 26. Rxd8+ Qxd8 27.
Qe2 Qd4 28. Bf3 h5 29. Bd5 Kg7 30. g3 h4 31. gxh4 Qxh4 32. Kg2 Qg5+ 33. Qg4 Qd2
34. Qf3 f5 35. a4 Kf6 36. h4 Bd6 37. Qe3 Qxe3 38. fxe3 Bc5 39. Kf3 Bb4 40. e4
fxe4+ 41. Bxe4 Be1 42. Kg4 Bd2 1/2-1/2

[Event "BL 8485 Enger-Lasker"]
[Site "?"]
[Date "1985.??.??"]
[Round "?.4"]
[White "Fleck, J."]
[Black "Muse, M."]
[Result "0-1"]
[WhiteElo "2400"]
[BlackElo "2240"]
[PlyCount "70"]
[EventDate "1985.??.??"]

1. e4 c6 2. d4 d5 3. e5 Bf5 4. Nc3 e6 5. g4 Bg6 6. Nge2 f6 7. Nf4 fxe5 8. Nxe6
Qe7 9. Nxf8 Kxf8 10. dxe5 Nd7 11. Bg2 Nxe5 12. O-O Qh4 13. h3 h5 14. f4 Nxg4
15. f5 Bf7 16. Qd4 Ne7 17. f6 gxf6 18. hxg4 hxg4 19. Qxf6 Qh2+ 20. Kf2 g3+ 21.
Ke1 Rh7 22. Rh1 Qxh1+ 23. Bxh1 Rxh1+ 24. Ke2 g2 25. Qf2 Ng6 26. Rb1 Re8+ 27.
Be3 Rxb1 28. Nxb1 d4 29. Kd1 dxe3 30. Qxg2 Nh4 31. Qg3 Bh5+ 32. Ke1 Nf3+ 33.
Ke2 Nd4+ 34. Kd3 e2 35. Qd6+ Kg8 0-1

[Event "BL 8485 Enger-Lasker"]
[Site "?"]
[Date "1985.??.??"]
[Round "?.8"]
[White "Groenegress, W."]
[Black "Jacoby, G."]
[Result "1/2-1/2"]
[WhiteElo "2210"]
[BlackElo "2245"]
[PlyCount "34"]
[EventDate "1985.??.??"]

1. e4 e5 2. Bc4 Nf6 3. d3 c6 4. Nf3 Be7 5. O-O Qc7 6. Bb3 O-O 7. Re1 h6 8. Nbd2
Re8 9. Nf1 Bf8 10. Ne3 d6 11. Nh4 Be6 12. Qf3 Nbd7 13. Bd2 g6 14. Bxe6 Rxe6 15.
Ng4 Nxg4 16. Qxg4 Bg7 17. Bc3 Nf6 1/2-1/2

[Event "BL 8485 Braunschweig-Lasker"]
[Site "?"]
[Date "1985.??.??"]
[Round "?.2"]
[White "Schruefer, G."]
[Black "King, D."]
[Result "1-0"]
[WhiteElo "2205"]
[BlackElo "2435"]
[PlyCount "135"]
[EventDate "1985.??.??"]

1. e4 c5 2. Nf3 d6 3. d4 cxd4 4. Nxd4 Nf6 5. Nc3 a6 6. g3 e5 7. Nde2 Be7 8. a4
O-O 9. Bg2 b6 10. O-O Bb7 11. h3 Nbd7 12. g4 b5 13. Ng3 b4 14. Nd5 Nxd5 15.
exd5 Re8 16. a5 Qc7 17. Bd2 Qc5 18. Be3 Qb5 19. Qd2 b3 20. c3 Rac8 21. Rfd1 Nc5
22. Ra3 Bf8 23. Bf1 Qd7 24. c4 Qd8 25. Bxc5 Rxc5 26. Rxb3 Bc8 27. Ra3 Rc7 28.
b4 g6 29. g5 h6 30. Ne4 hxg5 31. Qxg5 Be7 32. Qg2 Kg7 33. c5 Rh8 34. c6 Rh4 35.
Rb3 Bf5 36. Re1 Qa8 37. Rc3 Qa7 38. Rc4 Bxh3 39. Qf3 Bg4 40. Qg3 f5 41. Nxd6 f4
42. Rxf4 Bxd6 43. Rxg4 Rxg4 44. Qxg4 Rf7 45. Re3 Rf4 46. Qd7+ Qxd7 47. cxd7 Rf8
48. Rb3 Rd8 49. Bxa6 Rxd7 50. Bb5 Rb7 51. Bc6 Rxb4 52. Rxb4 Bxb4 53. a6 Bc5 54.
d6 Kf6 55. Kg2 Ke6 56. d7 Ke7 57. f3 Kd8 58. Kf1 Bb6 59. Ke2 Kc7 60. Bb5 e4 61.
fxe4 g5 62. Kf3 Kd8 63. Kg4 Be3 64. e5 Ke7 65. Kf5 Kd8 66. e6 Ke7 67. Be2 Kd8
68. Kf6 1-0

[Event "BL 8485 Lasker-Braunschweig"]
[Site "?"]
[Date "1985.??.??"]
[Round "?.2"]
[White "Cladouras, P."]
[Black "Schruefer, G."]
[Result "1/2-1/2"]
[WhiteElo "2295"]
[BlackElo "2205"]
[PlyCount "80"]
[EventDate "1985.??.??"]

1. e4 c5 2. Nf3 d6 3. d4 cxd4 4. Nxd4 Nf6 5. Nc3 a6 6. Be3 e5 7. Nf3 Qc7 8. a4
h6 9. a5 Be6 10. Be2 Qc6 11. Nd2 Nbd7 12. O-O Be7 13. Bf3 O-O 14. Nb3 Rfc8 15.
Qd2 b5 16. axb6 Nxb6 17. Na5 Qc7 18. Rfc1 Nc4 19. Nxc4 Bxc4 20. b3 Be6 21. Na4
Rab8 22. Nb2 Qb7 23. Qd3 d5 24. exd5 Bxd5 25. Bxd5 Nxd5 26. Nc4 Bc5 27. Ra5
Bxe3 28. fxe3 Nb4 29. Qf5 f6 30. Raa1 Rd8 31. Rd1 Qc6 32. h3 e4 33. Rxd8+ Rxd8
34. Qa5 Rb8 35. Rd1 Qb5 36. Rd8+ Rxd8 37. Qxd8+ Kh7 38. Qd4 Qd5 39. Qxd5 Nxd5
40. Kf2 Kg6 1/2-1/2

[Event "BL 8485 Kreuzberg-Enger"]
[Site "?"]
[Date "1985.??.??"]
[Round "?.1"]
[White "Smejkal, J."]
[Black "Berg, K."]
[Result "1-0"]
[WhiteElo "2540"]
[BlackElo "2375"]
[PlyCount "99"]
[EventDate "1985.??.??"]

1. c4 e5 2. Nc3 Bb4 3. Nd5 Ba5 4. b4 c6 5. bxa5 cxd5 6. cxd5 Qxa5 7. Qb3 Nf6 8.
Nf3 d6 9. Ba3 Ne4 10. e3 O-O 11. Rc1 Bg4 12. Qb4 Qxb4 13. Bxb4 Nd7 14. h3 Bxf3
15. gxf3 Nef6 16. Bxd6 Rfc8 17. Rb1 Nxd5 18. Bb5 N7b6 19. Bxe5 Rc2 20. a3 Rac8
21. Ke2 Ra2 22. Ra1 Rxa1 23. Rxa1 Nxe3 24. fxe3 Rc5 25. Bb8 Rxb5 26. Bxa7 Nc8
27. Bd4 Ne7 28. Rc1 f6 29. Rc7 Nc6 30. Bc3 Rh5 31. Rxb7 Rxh3 32. a4 Rh2+ 33.
Kf1 Rh5 34. Rb5 Rxb5 35. axb5 Nd8 36. d4 Kf7 37. d5 Ke7 38. Bb4+ Kd7 39. e4 Nb7
40. b6 Nd8 41. Kf2 Kc8 42. Bf8 g6 43. Be7 Nf7 44. Bxf6 Kb7 45. Bd4 Nd6 46. e5
Nc4 47. e6 Nd6 48. Bc5 Ne8 49. d6 Kc6 50. d7 1-0

[Event "BL 8485 Kreuzberg-Enger"]
[Site "?"]
[Date "1985.??.??"]
[Round "?.2"]
[White "King, D."]
[Black "Podzielny, K."]
[Result "1-0"]
[WhiteElo "2435"]
[BlackElo "2415"]
[PlyCount "59"]
[EventDate "1985.??.??"]

1. e4 c5 2. f4 Nc6 3. Nf3 e6 4. Nc3 d5 5. Bb5 Nge7 6. exd5 exd5 7. Qe2 Qd6 8.
Ne5 a6 9. Bxc6+ bxc6 10. b3 f6 11. Nf3 Kf7 12. Ba3 Nf5 13. g3 a5 14. O-O Ba6
15. d3 Bb5 16. Rae1 g6 17. g4 Ng7 18. Qf2 Kg8 19. f5 Qf4 20. Qg2 g5 21. Bc1 Qd6
22. Nxg5 fxg5 23. Bxg5 Ra7 24. Bf4 Qd8 25. Be5 Rf7 26. f6 Ne8 27. g5 Bd6 28. g6
hxg6 29. Qxg6+ Kf8 30. Qg7+ 1-0

[Event "BL 8485 Kreuzberg-Enger"]
[Site "?"]
[Date "1985.??.??"]
[Round "?.4"]
[White "Grzesik, F."]
[Black "Fleck, J."]
[Result "1/2-1/2"]
[WhiteElo "2285"]
[BlackElo "2400"]
[PlyCount "32"]
[EventDate "1985.??.??"]

1. e4 c5 2. c3 Nf6 3. e5 Nd5 4. d4 cxd4 5. Qxd4 e6 6. Nf3 Nc6 7. Qe4 Qc7 8. g3
Nde7 9. Na3 Ng6 10. Nb5 Qb8 11. Bf4 b6 12. Bg2 Bb7 13. O-O a6 14. Nd6+ Bxd6 15.
exd6 O-O 16. Rad1 Nce5 1/2-1/2

[Event "BL 8485 Kreuzberg-Enger"]
[Site "?"]
[Date "1985.??.??"]
[Round "?.6"]
[White "Sprotte, N."]
[Black "Stertenbrink, G."]
[Result "1/2-1/2"]
[WhiteElo "2230"]
[BlackElo "2225"]
[PlyCount "48"]
[EventDate "1985.??.??"]

1. d4 Nf6 2. Nf3 e6 3. a3 c5 4. dxc5 Bxc5 5. b4 Be7 6. Bb2 a5 7. b5 O-O 8. e3
Qc7 9. Bd3 d6 10. Nbd2 e5 11. O-O Nbd7 12. a4 Nc5 13. Bc4 Be6 14. Bxe6 Nxe6 15.
c4 Nc5 16. Nb3 Nfd7 17. Nxc5 Qxc5 18. Ba3 Qxc4 19. Bxd6 Qe6 20. Bxe7 Qxe7 21.
Qd5 e4 22. Nd4 Nb6 23. Qb3 Rfc8 24. Rfc1 Rc5 1/2-1/2

[Event "BL 8485 Bayern-Frechen"]
[Site "?"]
[Date "1985.??.??"]
[Round "?.1"]
[White "Ott, W."]
[Black "Pfleger, He"]
[Result "1/2-1/2"]
[WhiteElo "2300"]
[BlackElo "2490"]
[PlyCount "62"]
[EventDate "1985.??.??"]

1. e4 d6 2. d4 Nf6 3. Nc3 g6 4. Be3 Nbd7 5. f3 c6 6. Qd2 e5 7. Nge2 Bg7 8. h4
h5 9. O-O-O Qc7 10. dxe5 dxe5 11. Kb1 b6 12. Nc1 Bb7 13. a4 O-O 14. Bh6 Nc5 15.
Bc4 Bc8 16. Bxg7 Kxg7 17. Qd6 Qxd6 18. Rxd6 Nb7 19. Rd2 a5 20. Rhd1 Re8 21. Nb3
Kf8 22. Ne2 Ke7 23. Ng3 Rd8 24. Nf1 Rxd2 25. Rxd2 Nd7 26. Ne3 Ndc5 27. Nxc5
Nxc5 28. b3 Ra7 29. Kb2 Rd7 30. Kc3 Rxd2 31. Kxd2 f6 1/2-1/2

[Event "BL 8485 Bayern-Frechen"]
[Site "?"]
[Date "1985.??.??"]
[Round "?.5"]
[White "Meyer, P."]
[Black "Siegel, G."]
[Result "0-1"]
[WhiteElo "2230"]
[BlackElo "2285"]
[PlyCount "88"]
[EventDate "1985.??.??"]

1. d4 c5 2. d5 d6 3. c4 e5 4. Nc3 Be7 5. Nf3 Bg4 6. e4 Bxf3 7. Qxf3 Bg5 8. Bd3
Bxc1 9. Rxc1 Ne7 10. a3 O-O 11. O-O Nd7 12. g3 g6 13. g4 Kg7 14. Ne2 a6 15. Kg2
Rb8 16. a4 Nf6 17. Ng3 Qd7 18. Be2 Qxa4 19. h4 Qd7 20. Rh1 Nfg8 21. h5 g5 22.
Qa3 h6 23. b4 Rfc8 24. b5 axb5 25. cxb5 Nf6 26. f3 Ra8 27. Qb2 Qd8 28. Ra1 Qb6
29. Bc4 Ne8 30. Ra3 Nc7 31. Rha1 Rxa3 32. Rxa3 Na6 33. Qb3 Nb4 34. Nf1 Qd8 35.
Qa4 Rb8 36. Ne3 Kh7 37. Qa7 Qc7 38. Qa5 Qxa5 39. Rxa5 Nc8 40. Nf5 Nc2 41. Bf1
Nd4 42. Ne3 Nb6 43. Ra7 Kg7 44. Nc4 Nxb5 0-1

[Event "BL 8485 München 36-Porz"]
[Site "?"]
[Date "1985.??.??"]
[Round "?.3"]
[White "Goehring, K."]
[Black "Nikolac, J."]
[Result "1/2-1/2"]
[WhiteElo "2355"]
[BlackElo "2450"]
[PlyCount "87"]
[EventDate "1985.??.??"]

1. d4 Nf6 2. c4 e6 3. Nc3 Bb4 4. e3 O-O 5. Nf3 c5 6. Bd3 d5 7. O-O Nc6 8. a3
Bxc3 9. bxc3 Qc7 10. Re1 dxc4 11. Bxc4 e5 12. d5 e4 13. dxc6 exf3 14. Qxf3 Bg4
15. Qg3 Qxc6 16. e4 Be6 17. Bd3 Rad8 18. f4 Nh5 19. Qf3 f5 20. Bc2 Nf6 21. exf5
Qxf3 22. gxf3 Bc4 23. Be3 b6 24. Rad1 Rxd1 25. Rxd1 Re8 26. Be4 Nxe4 27. fxe4
Rxe4 28. Kf2 Re7 29. Rd6 Kf7 30. Kf3 Ba6 31. Bf2 Bb7+ 32. Kg4 Bc8 33. Bh4 Rd7
34. Rc6 Bb7 35. Re6 Bd5 36. Re3 Bb3 37. Re5 Bd1+ 38. Kg3 Rd3+ 39. Kf2 Rd7 40.
Ke3 Bc2 41. Ke2 Bd3+ 42. Ke3 Bc2 43. Ke2 Bd3+ 44. Ke3 1/2-1/2

[Event "BL 8485 München 36-Porz"]
[Site "?"]
[Date "1985.??.??"]
[Round "?.4"]
[White "Bastian, H."]
[Black "Marian, R."]
[Result "1-0"]
[WhiteElo "2375"]
[BlackElo "2285"]
[PlyCount "71"]
[EventDate "1985.??.??"]

1. e4 c5 2. Nc3 d6 3. g3 Nf6 4. Bg2 Nc6 5. d3 Bg4 6. f3 Bd7 7. f4 g6 8. Nf3 Bg7
9. O-O O-O 10. h3 Ne8 11. Be3 Nd4 12. Nh4 f5 13. Qd2 Nf6 14. Rae1 Nh5 15. Kh2
e5 16. Nf3 exf4 17. gxf4 Ne6 18. Nd5 Bc6 19. c4 Kh8 20. exf5 Rxf5 21. Ng5 Bxd5
22. Bxd5 Nxg5 23. fxg5 Rxf1 24. Rxf1 Qe7 25. Kg2 Qe5 26. Rf3 Re8 27. Qf2 b6 28.
b3 a5 29. Bc6 Rg8 30. Rf7 Qc3 31. Be4 Qe5 32. Bc1 Qc3 33. Rxg7 Nxg7 34. Bb2 Qb4
35. Bd5 a4 36. Bxg7+ 1-0

[Event "BL 8485 München 36-Porz"]
[Site "?"]
[Date "1985.??.??"]
[Round "?.5"]
[White "Ostermeyer, P."]
[Black "Mueller, Hei"]
[Result "1-0"]
[WhiteElo "2470"]
[BlackElo "2270"]
[PlyCount "141"]
[EventDate "1985.??.??"]

1. d4 g6 2. e4 Bg7 3. Nf3 c6 4. Bd3 d6 5. O-O Nd7 6. Nbd2 Qc7 7. a4 Ngf6 8. Re1
e5 9. Nc4 O-O 10. dxe5 dxe5 11. b3 Re8 12. Ba3 Bf8 13. Bxf8 Nxf8 14. Qd2 Nh5
15. Qh6 f6 16. g3 Be6 17. a5 Red8 18. Qe3 Bf7 19. b4 Ne6 20. c3 Qe7 21. Be2
Nhg7 22. Red1 Ne8 23. Rxd8 Nxd8 24. Rd1 Be6 25. Nfd2 Nc7 26. Nb3 Nb5 27. Nc5
Bc8 28. Kg2 Ne6 29. Na4 Nec7 30. h4 Kg7 31. h5 g5 32. Qd2 Na6 33. Ne3 Qf7 34.
Bg4 Bxg4 35. Nxg4 Rf8 36. h6+ Kg8 37. Qd7 Nb8 38. Qf5 Qg6 39. Qe6+ Kh8 40.
Qxf6+ Rxf6 41. Rd8+ Qg8 42. Rxg8+ Kxg8 43. Nxf6+ Kf7 44. Nxh7 g4 45. Ng5+ Kg6
46. h7 Kg7 47. Nf7 Kxh7 48. Nxe5 Nd6 49. Nxg4 Nxe4 50. Kf3 Nd6 51. Ne5 Na6 52.
Nc5 Nc7 53. a6 b6 54. Ne4 Ndb5 55. Nxc6 Nxa6 56. Kf4 Nac7 57. Ke5 a6 58. f4 Na3
59. Kd6 Ncb5+ 60. Ke7 Nc4 61. f5 Ne3 62. Ke6 Nc7+ 63. Ke5 Nc4+ 64. Kd4 Na3 65.
g4 Nc2+ 66. Ke5 Ne3 67. g5 a5 68. bxa5 Nc4+ 69. Kf6 Nxa5 70. Nxa5 bxa5 71. Kf7
1-0

[Event "BL 8485 München 36-Porz"]
[Site "?"]
[Date "1985.??.??"]
[Round "?.6"]
[White "Zysk, R."]
[Black "Gerusel, M."]
[Result "1-0"]
[WhiteElo "2325"]
[BlackElo "2390"]
[PlyCount "63"]
[EventDate "1985.??.??"]

1. Nf3 g6 2. e4 c5 3. c3 d6 4. d4 Nd7 5. Bd3 Bg7 6. O-O Qc7 7. Qe2 e5 8. dxe5
dxe5 9. a4 Ne7 10. Na3 Nc6 11. Rd1 a6 12. Nc4 Nb6 13. Nxb6 Qxb6 14. Be3 a5 15.
Bb5 O-O 16. Rd5 Qc7 17. Bxc5 Rd8 18. Qe3 Ne7 19. Rxd8+ Qxd8 20. Qg5 f6 21. Bc4+
Kf8 22. Qh4 h5 23. Qg3 Bg4 24. Nh4 Qe8 25. h3 g5 26. hxg4 gxh4 27. Qxh4 Rc8 28.
Bb5 Qf7 29. Rd1 Kg8 30. Bxe7 Qxe7 31. Rd7 Qe6 32. Qxh5 1-0

[Event "BL 8485 München 36-Porz"]
[Site "?"]
[Date "1985.??.??"]
[Round "?.7"]
[White "Schmidt, B."]
[Black "Krause, C."]
[Result "1-0"]
[WhiteElo "2340"]
[BlackElo "2240"]
[PlyCount "83"]
[EventDate "1985.??.??"]

1. Nf3 g6 2. d4 Bg7 3. c4 Nf6 4. Nc3 O-O 5. e4 d6 6. Be2 Bg4 7. Be3 Nfd7 8. Qd2
e5 9. d5 f5 10. Bg5 Qe8 11. Ng1 Bxe2 12. Ngxe2 Nc5 13. f3 a5 14. O-O b6 15.
Rab1 Nba6 16. b3 Qd7 17. h3 fxe4 18. fxe4 Rxf1+ 19. Rxf1 Rf8 20. Rxf8+ Bxf8 21.
Nc1 Qf7 22. Nd3 Be7 23. Be3 Nxd3 24. Qxd3 Bh4 25. Qe2 Kg7 26. Kh2 h5 27. g3 Bf6
28. Kg2 Be7 29. a3 Bf6 30. Nb5 Qe7 31. Qd2 Qd8 32. Nc3 Qe7 33. Ne2 Nb8 34. Ng1
Nd7 35. Nf3 Nf8 36. b4 axb4 37. axb4 Qd7 38. Qa2 Nh7 39. Qa7 Qe7 40. c5 bxc5
41. bxc5 Ng5 42. cxd6 1-0

[Event "BL 8485 Frechen-München 36"]
[Site "?"]
[Date "1985.??.??"]
[Round "?.1"]
[White "Unzicker, W."]
[Black "Ott, W."]
[Result "1-0"]
[WhiteElo "2470"]
[BlackElo "2300"]
[PlyCount "97"]
[EventDate "1985.??.??"]

1. Nf3 d6 2. d4 g6 3. e4 Bg7 4. Nc3 c6 5. a4 Bg4 6. Be2 Nd7 7. O-O e5 8. d5 c5
9. Nd2 Bxe2 10. Qxe2 a6 11. a5 Ne7 12. Nc4 Nc8 13. f4 exf4 14. Bxf4 Qe7 15. Qf3
O-O 16. Qg3 Ne5 17. Nxe5 dxe5 18. Be3 c4 19. Na4 Nd6 20. Bc5 Qc7 21. Qe3 f5 22.
Bxd6 Qxd6 23. Nb6 Rad8 24. Nxc4 Qb4 25. b3 fxe4 26. d6 Rf4 27. g3 Rf3 28. Qxe4
Qc5+ 29. Kg2 Rc3 30. Rad1 Qc6 31. Qxc6 Rxc2+ 32. Rf2 Rxf2+ 33. Kxf2 bxc6 34. d7
Kf8 35. Rd6 Ke7 36. Rxc6 Rxd7 37. Rxa6 Rd3 38. Ra7+ Kf6 39. Rb7 Bf8 40. a6 Bc5+
41. Ke2 Rc3 42. Nd2 Kf5 43. a7 Re3+ 44. Kf1 Bxa7 45. Rxa7 h5 46. Kf2 Rd3 47.
Ke2 Rc3 48. Ra4 g5 49. Rc4 1-0

[Event "BL 8485 Frechen-München 36"]
[Site "?"]
[Date "1985.??.??"]
[Round "?.5"]
[White "Mueller, Hei"]
[Black "Meyer, P."]
[Result "1/2-1/2"]
[WhiteElo "2270"]
[BlackElo "2230"]
[PlyCount "162"]
[EventDate "1985.??.??"]

1. g3 g6 2. Bg2 Bg7 3. e4 d6 4. f4 e5 5. Ne2 Nf6 6. d4 exd4 7. Nxd4 O-O 8. O-O
Re8 9. Nc3 c6 10. Kh1 Nbd7 11. Nf3 Nc5 12. e5 dxe5 13. Qxd8 Rxd8 14. Nxe5 Bf5
15. Be3 Ne6 16. Rac1 Nd4 17. Rf2 Ng4 18. Nxg4 Bxg4 19. Rd2 Rd7 20. h3 Be6 21.
Na4 Bd5 22. Nc5 Bxg2+ 23. Kxg2 Rd5 24. Bxd4 Bxd4 25. Nxb7 Rb8 26. c4 Be3 27.
cxd5 Bxd2 28. Rc2 cxd5 29. Rxd2 Rxb7 30. b3 Rb5 31. Kf2 Kf8 32. Rc2 Ra5 33. Ke3
Ke7 34. Kd4 Ke6 35. g4 Ra6 36. Re2+ Kd6 37. h4 Rb6 38. Kc3 Rc6+ 39. Kb2 Rc8 40.
f5 gxf5 41. gxf5 Rg8 42. f6 Rg6 43. Re7 Rxf6 44. Rxa7 Kc5 45. Kc3 Rf3+ 46. Kd2
Kb6 47. Re7 Rf2+ 48. Kc3 Rf4 49. h5 Rf5 50. Kd4 Rxh5 51. Rxf7 Rh2 52. Rf6+ Ka5
53. Rf8 Kb6 54. a4 Rd2+ 55. Kc3 Rh2 56. Rf6+ Ka5 57. Rd6 Rh3+ 58. Kb2 Kb4 59.
Rb6+ Kc5 60. a5 d4 61. Rb8 Rh2+ 62. Ka3 d3 63. b4+ Kc4 64. Rc8+ Kb5 65. Rc5+
Ka6 66. Rc6+ Kb5 67. Rc5+ Ka6 68. Kb3 d2 69. Rc6+ Ka7 70. Rd6 Rh3+ 71. Ka4 Rh2
72. Rd7+ Kb8 73. a6 Kc8 74. Rd5 Kc7 75. b5 Kb6 76. Kb3 Rh5 77. Rd6+ Kc7 78.
Rxd2 Rxb5+ 79. Ka4 Rb1 80. Rh2 Kb6 81. Rh6+ Ka7 1/2-1/2

[Event "BL 8485 Porz-Bayern"]
[Site "?"]
[Date "1985.??.??"]
[Round "?.2"]
[White "Miles, A."]
[Black "Hecht, H."]
[Result "1-0"]
[WhiteElo "2565"]
[BlackElo "2450"]
[PlyCount "67"]
[EventDate "1985.??.??"]

1. d4 e6 2. c4 Bb4+ 3. Nd2 Nf6 4. Ngf3 b6 5. a3 Bxd2+ 6. Qxd2 Bb7 7. e3 O-O 8.
Be2 d6 9. b4 a5 10. Bb2 axb4 11. axb4 Rxa1+ 12. Bxa1 Nbd7 13. O-O Qe7 14. Qc2
Ra8 15. Nd2 c5 16. Bc3 d5 17. dxc5 bxc5 18. b5 Nb6 19. Ra1 dxc4 20. Nxc4 Nxc4
21. Bxc4 Ne4 22. Rxa8+ Bxa8 23. Be1 Nd6 24. Bf1 Qa7 25. Bc3 Bd5 26. Be5 Qb6 27.
Qd1 f5 28. Qa4 c4 29. Qb4 Nf7 30. Bd4 Qc7 31. f3 h6 32. b6 Qc6 33. Bxc4 Nd6 34.
Bf1 1-0

[Event "BL 8485 Porz-Bayern"]
[Site "?"]
[Date "1985.??.??"]
[Round "?.3"]
[White "Calvo Minguez, R."]
[Black "Goehring, K."]
[Result "1/2-1/2"]
[WhiteElo "2410"]
[BlackElo "2355"]
[PlyCount "101"]
[EventDate "1985.??.??"]

1. d4 Nf6 2. c4 e6 3. Nf3 d5 4. e3 c5 5. Nc3 Nc6 6. a3 a6 7. cxd5 exd5 8. Be2
Be6 9. O-O Rc8 10. Qa4 Bd7 11. dxc5 Bxc5 12. Qb3 Qb6 13. Qd1 Be6 14. Na4 Qa7
15. Nxc5 Qxc5 16. b4 Qe7 17. Bb2 O-O 18. Nd4 Bd7 19. Nxc6 Bxc6 20. Bd4 Rfd8 21.
Rc1 Ne4 22. Bd3 f6 23. Qh5 Be8 24. Qf5 Qd7 25. Bxe4 dxe4 26. Qxe4 Rxc1 27. Rxc1
Rc8 28. Rd1 Bf7 29. f3 Bg6 30. Qf4 Qa4 31. Ra1 h5 32. h4 Qc2 33. e4 Qd3 34. Bf2
Rc2 35. Rc1 Rxc1+ 36. Qxc1 Be8 37. Qc8 Qd7 38. Qc3 Qc6 39. Qe3 Qd6 40. Be1 Bb5
41. Bc3 Qd3 42. Qe1 Qe2 43. Qc1 Bd3 44. e5 f5 45. Qf4 Qd1+ 46. Kh2 Qc2 47. Bd4
Bf1 48. Qg5 Qc4 49. Be3 Qf7 50. Bc5 Bc4 51. Qd8+ 1/2-1/2

[Event "BL 8485 Porz-Bayern"]
[Site "?"]
[Date "1985.??.??"]
[Round "?.4"]
[White "Marian, R."]
[Black "Klundt, K."]
[Result "1-0"]
[WhiteElo "2285"]
[BlackElo "2340"]
[PlyCount "81"]
[EventDate "1985.??.??"]

1. e4 c5 2. Nf3 Nc6 3. Bb5 g6 4. O-O Bg7 5. c3 Nf6 6. d3 O-O 7. Nbd2 d6 8. Re1
e5 9. Nf1 Bd7 10. Ba4 Re8 11. Bg5 h6 12. Bh4 Rb8 13. Ne3 b5 14. Bc2 Ne7 15. d4
cxd4 16. cxd4 Nc6 17. dxe5 dxe5 18. Bb3 Na5 19. Bxf6 Bxf6 20. Bd5 Nc6 21. Qb3
Be6 22. Rad1 Nd4 23. Nxd4 exd4 24. Bxe6 Rxe6 25. Nd5 Bg7 26. Nf4 Rc6 27. e5 Rc4
28. e6 Qd6 29. exf7+ Kxf7 30. Qf3 g5 31. Ne6+ Kg8 32. Qf5 Re8 33. h4 gxh4 34.
f4 Rc6 35. Nxg7 Rxe1+ 36. Rxe1 Kxg7 37. Qg4+ Kh7 38. Re8 h5 39. Qg8+ Kh6 40.
Qg5+ Kh7 41. Re7+ 1-0

[Event "BL 8485 Porz-Bayern"]
[Site "?"]
[Date "1985.??.??"]
[Round "?.5"]
[White "Siegel, G."]
[Black "Ostermeyer, P."]
[Result "1/2-1/2"]
[WhiteElo "2285"]
[BlackElo "2470"]
[PlyCount "59"]
[EventDate "1985.??.??"]

1. c4 e5 2. Nc3 Nf6 3. Nf3 Nc6 4. e3 Bb4 5. Qc2 Bxc3 6. Qxc3 Qe7 7. Be2 O-O 8.
O-O d5 9. d4 exd4 10. Nxd4 Nxd4 11. Qxd4 c5 12. Qh4 dxc4 13. Qxc4 Be6 14. Qc2
Rfd8 15. b3 Qd6 16. h3 b6 17. Rd1 Qe5 18. Bb2 Qg5 19. Bf3 Rac8 20. Rxd8+ Rxd8
21. Rd1 Rxd1+ 22. Qxd1 Ne8 23. Kh2 Qe7 24. Qc2 Qd6+ 25. Kg1 Bd5 26. e4 Be6 27.
h4 h6 28. e5 Qd7 29. Be4 h5 30. Qe2 1/2-1/2

[Event "BL 8485 Porz-Bayern"]
[Site "?"]
[Date "1985.??.??"]
[Round "?.6"]
[White "Gerusel, M."]
[Black "Hickl, J."]
[Result "1/2-1/2"]
[WhiteElo "2390"]
[BlackElo "2275"]
[PlyCount "107"]
[EventDate "1985.??.??"]

1. d4 Nf6 2. c4 g6 3. Nc3 Bg7 4. e4 O-O 5. Be2 d6 6. Bg5 c5 7. d5 a6 8. a4 Qa5
9. Bd2 e6 10. Nf3 Qc7 11. Qc2 exd5 12. cxd5 Bg4 13. O-O Nbd7 14. a5 Rfe8 15. h3
Bxf3 16. Bxf3 Rab8 17. Ra4 Re7 18. Rfa1 h6 19. g3 Rbe8 20. Bg2 Nh7 21. Nd1 Qc8
22. Qc1 Nhf6 23. f3 Kh7 24. Ne3 Ne5 25. Qf1 Qd8 26. Bc3 Nh5 27. Kh2 Nd7 28. Nc4
Bxc3 29. bxc3 Ne5 30. Nd2 f5 31. f4 Nf7 32. Qd3 Qd7 33. R4a2 Nf6 34. Re1 Kg7
35. c4 fxe4 36. Nxe4 Qf5 37. Rae2 Nxe4 38. Bxe4 Qf6 39. Kg2 h5 40. Qd2 h4 41.
Qd3 hxg3 42. Qxg3 Nh6 43. Kf1 Rf7 44. Rf2 Nf5 45. Qd3 Qh4 46. Bxf5 Rxe1+ 47.
Kxe1 Rxf5 48. Qc3+ Kh7 49. Qe3 Rf7 50. Kf1 Re7 51. Qd3 Rf7 52. f5 Kg8 53. Kg1
gxf5 54. Rxf5 1/2-1/2

[Event "BL 8485 Erlangen-Koblenz"]
[Site "?"]
[Date "1985.??.??"]
[Round "?.1"]
[White "Schulz, KJ."]
[Black "Heidrich, M."]
[Result "1-0"]
[WhiteElo "2355"]
[BlackElo "2260"]
[PlyCount "75"]
[EventDate "1985.??.??"]

1. e4 e6 2. d4 d5 3. Nd2 Nf6 4. e5 Nfd7 5. Bd3 c5 6. c3 Nc6 7. Ne2 f6 8. exf6
Nxf6 9. Nf3 Bd6 10. O-O O-O 11. Bf4 Bxf4 12. Nxf4 Qd6 13. g3 Bd7 14. Re1 Rfe8
15. Ne5 Rad8 16. dxc5 Qxc5 17. Nxd7 Rxd7 18. Rxe6 Rxe6 19. Nxe6 Qb6 20. Qb3 Nb4
21. Bf5 g6 22. Bh3 Nc6 23. Qxb6 axb6 24. Rd1 Re7 25. Nd4 Nxd4 26. Rxd4 Re2 27.
Rb4 Kf8 28. Rxb6 Ne4 29. Be6 Rd2 30. Rxb7 Ke8 31. Rb5 Nxf2 32. Bxd5 Ng4 33.
Bc6+ Ke7 34. h3 Rd1+ 35. Kg2 Ne3+ 36. Kf3 Nf5 37. g4 Nd6 38. Re5+ 1-0